000 00994nam a2200241 i 4500
001 182236
003 ES-MaACL
005 20250904002144.0
008 130723s1927 fr |||| | fre d
245 0 2 _aL'art cinématographique.
_nII /
_cL.P. Quint, G Dulac, L. Landry, Abel Gance.
260 _aParis :
_bFélix Alcan,
_c1927.
300 _a105 p., VII h. de lám. ;
_c19 cm.
505 8 _aContiene: L.P. Quint, Signification du cinéma. - L. Landry, Les esthétiques, les entraves, La cinégraphie intégrale. - L. Landry, Formation de la sensibilité. - Abel Gance, Le temps de l'image est venu !
650 0 7 _aCine
_2embne
_911010
650 7 _aEstética cinematográfica
_2embne
_912542
650 4 _aArte-
_xEn el cine.
_9153070
700 0 _aPierre-Quint, Léon.
_991961
700 1 _aDulac, Germaine (
_d1885-1942)
_9153071
700 0 _aLandry, Lionel.
_969974
700 1 _aGance, Abel,
_d1889-1981
_9153072
852 _aES-MaACL
_jC-7029
999 _c182236
_d182236